Zwycięzcy polskiego programu The Voice Kids w edycjach (nowe) - Statystyki

Ogólne statystyki
  • Ten quiz został rozwiązany 24 razy
  • Średni wynik to 3 z 7
Statystyki odpowiedzi
Edycje Zwycięzcy % Poprawnych
Edycja 1 2018 Roksana Węgiel
100%
Edycja 3 2020 Marcin Maciejczak
63%
Edycja 2 2019 Ania Dąbrowska
58%
Edycja 6 2023 Martyna Gąsak
37%
Edycja 5 2022 Mateusz Krzykała
37%
Edycja 7 2024 Michell Siwak
16%
Edycja 4 2021 Sara Edwu-James
5%
Nie znaleziono quizów pasujących do podanych kryteriów
Rozkład punktacji
Procent ludzi z każdym wynikiem
Percentyl według liczby udzielonych odpowiedzi
Twoja historia wyników
Nie rozwiązałeś tego quizu